000 02265nam0a2200349 4500
001 RU\NLR\BIBL_A\022475240
005 20250422162314.0
010 _a978-5-9571-3738-2
_9100
021 _aRU
_bКН-П-24-085623
_9КН-П-24-8505
035 _a(NLR Aleph) 022475240
090 _a13371774
_c13371774
100 _a20250228d2024 u y0rusy50 ca
101 0 _arus
102 _aRU
105 _ay j 000zy
181 0 _ai4
_baxxe
182 0 _an
200 1 _aПравовое регулирование информационной безопасности
_eучебное пособие
_eдля обучающихся по специальности 40.05.01 Правовое обеспечение национальной безопасности
_fГ.С. Беляева, Н.В. Бородаенко, Ю.А. Комнатная
_gМинистерство науки и высшего образования Российской Федерации, Федеральное государственное автономное образовательное учреждение высшего образования "Белгородский государственный национальный исследовательский университет"
203 _aТекст
_bвизуальный
_cнепосредственный
210 _aБелгород
_cИД "БелГУ" НИУ "БелГУ"
_d2024
215 _a123 с.
_d21
320 _aБиблиогр.: с. 117-123 (85 назв.)
606 1 _aИнформационная безопасность
_jУчебные издания для высших учебных заведений
_xПравовые вопросы
_yРоссийская Федерация
_92206380
_3RU\NLR\AUTH\661325591
686 1 _aХ621.162я73
686 1 _aХ62ф.я73
700 1 _7ca
_8rus
_aБеляева
_bГ. С.
_cд-р юрид. наук
_gГалина Серафимовна
_999227
_3RU\NLR\AUTH\77116302
701 1 _aБородаенко
_bН. В.
_gНаталья Васильевна
701 1 _aКомнатная
_bЮ. А.
_gЮлия Александровна
942 _cBOOK
980 _aNB